00940nam a22002537a 45000050016000000080041000160100014000570200027000710350013000980370015001110400008001260820012001342450097001462600046002433000027002895000082003165000018003986510036004166510036004527000018004889420026005069990017005329520137005492008092903563.0080929t xxu||||| |||| 00| 0 eng d aENG-91074 a9788184500554c1500.00 aEN-74607 bDBAD / PUB aDPL a338.954 aIndian economy:cedited by J. felix Rajbeconomic ideas, development and financial reforms / aNew DelhibDeep & Deep Publicationsc2008 axxii, 392p.c24cm.(Hb) aEssays in honour of Professor Raj Kumar Sen : a tributefrom Research Scholars aInclude index aIndia xEconomic policy y1947- aIndia xEconomic policy y1991- aFelix Raj, J. 2ddccENmINDh338.954 c16046d16046 00102ddc4071aDBADbDBADd2008-09-30eDBAD / PUBg1500.00l0o338.954 INDpEN-74607r2008-09-30 00:00:00v1500.00w2008-09-30yEN